Blake's therapy : a novel /

Bibliographic Details
Main Author: Dorfman, Ariel
Format: Book
Language:English
Published: New York : Seven Stories Press, [2001]
Edition:Seven Stories Press 1st ed.
Subjects:

MARC

Tag First Indicator Second Indicator Subfields
LEADER 00000pam a22000004a 4500
001 in00001616521
005 20151023055708.0
008 001011s2001 nyu 000 1 eng
010 |a  00051016  
020 |a 1583220704 (hbk.) 
035 |a (OCoLC)ocm45207857 
040 |a DLC  |c DLC  |d YDX  |d CLE  |d TXA  |d UtOrBLW 
042 |a pcc 
049 |a TXAM 
050 0 0 |a PR9309.9.D67  |b B5818 2001 
082 0 0 |a 813/.54  |2 21 
100 1 |a Dorfman, Ariel. 
245 1 0 |a Blake's therapy :  |b a novel /  |c by Ariel Dorfman. 
250 |a Seven Stories Press 1st ed. 
264 1 |a New York :  |b Seven Stories Press,  |c [2001] 
264 4 |c ©2001 
300 |a 175 pages ;  |c 22 cm. 
336 |a text  |b txt  |2 rdacontent 
337 |a unmediated  |b n  |2 rdamedia 
338 |a volume  |b nc  |2 rdacarrier 
650 0 |a Mental illness  |x Treatment  |v Fiction. 
650 0 |a Businessmen  |v Fiction. 
655 0 |a Psychological fiction. 
994 |a E0  |b TXA 
948 |a cataloged  |b h  |c 2001/6/30  |d c  |e jlanham  |f 10:07:54 am 
999 |a MARS 
999 f f |s 7f722de2-c406-3520-b4bd-59c26fdae055  |i f4574e1a-1733-3093-8ab5-a8f4870aca06  |t 0 
952 f f |p ric  |a Texas A&M University  |b Rellis Campus  |c Joint Library Facility  |d Remote Storage  |t 0  |e PR9309.9.D67 B5818 2001  |h Library of Congress classification  |i unmediated -- volume  |m A14827751912 
998 f f |a PR9309.9.D67 B5818 2001  |t 0  |l Remote Storage